书目信息 |
| 题名: |
计算机程序的构造和解释
|
|
| 作者: | 萨斯曼, , 萨斯曼, , 埃布尔森, , 艾伯斯 著 ;裘宗燕 译 | |
| 分册: | ||
| 出版信息: | 北京 机械工业出版社 2004.02 |
|
| 页数: | 473页 | |
| 开本: | 26cm | |
| 丛书名: | 计算机科学丛书 | |
| 单 册: | ||
| 中图分类: | TP311.1 | |
| 科图分类: | ||
| 主题词: | 程序设计--cheng xu she ji | |
| 电子资源: | ||
| ISBN: | 7-111-13510-5 | |
| 000 | 01521nam 2200385 450 | |
| 001 | CAL 012004036422 | |
| 005 | 20050531161800.06 | |
| 010 | @a7-111-13510-5@d45.00CNY | |
| 099 | @aCAL 012004036422 | |
| 100 | @a20040405d2004 em y0chiy0121 ea | |
| 101 | 1 | @achi@ceng |
| 102 | @aCN@b110000 | |
| 105 | @aa a 001yy | |
| 200 | 1 | @a计算机程序的构造和解释@Aji suan ji cheng xu de gou zao he jie shi@d= Structure and interpretation of computer programs@f(美)艾伯斯著@F(mei)ai bo si zhu@g裘宗燕译@zeng |
| 210 | @a北京@c机械工业出版社@c中信出版社@d2004.02 | |
| 215 | @a473页@c图@d26cm | |
| 225 | 2 | @a计算机科学丛书@Aji suan ji ke xue cong shu |
| 305 | @a据The Massachusetts Institute of Technology. 1996年英文版第2版译出 | |
| 306 | @a由美国麻省理工学院授权机械工业出版社出版 | |
| 314 | @a责任者 (Abelson) 规范汉译姓: 埃布尔森 | |
| 314 | @a责任者 (Sussman) 规范汉译姓: 萨斯曼 | |
| 320 | @a有书目 (第431-436页) 和索引 | |
| 410 | 0 | @12001 @a计算机科学丛书 |
| 510 | 1 | @aStructure and interpretation of computer programs@zeng |
| 606 | 0 | @a程序设计@Acheng xu she ji |
| 690 | @aTP311.1@v4 | |
| 701 | 1 | @a萨斯曼,@Asa si man@bG. J.@g(Sussman, Gerald Jay)@4著 |
| 701 | 1 | @a萨斯曼,@Asa si man@bJ.@g(Sussman, Julie)@4著 |
| 701 | 1 | @a埃布尔森,@Aai bu er sen@bH.@g(Abelson, Harold)@4著 |
| 701 | 0 | @a艾伯斯@Aai bo si@4著 |
| 702 | 0 | @a裘宗燕@Aqiu zong yan@4译 |
| 801 | 0 | @aCN@bBUPT@c20050531 |
| 905 | @a10447@dTP311.1@eA336 | |
| 906 | @b黄河水利职业技术学院图书馆@dCNY 45.00@n3@r1 | |
| 998 | @aBUPT | |
| 计算机程序的构造和解释= Structure and interpretation of computer programs/(美)艾伯斯著/裘宗燕译.-北京:机械工业出版社:中信出版社,2004.02 |
| 473页:图;26cm.-(计算机科学丛书) |
| ISBN 7-111-13510-5:45.00CNY |
| ● |
| 相关链接 |
|
|
|
正题名:计算机程序的构造和解释
索取号:TP311.1/A336
 
预约/预借
| 序号 | 登录号 | 条形码 | 馆藏地/架位号 | 状态 | 备注 |
| 1 | 534681 | 205346810 | 自科库301/301自科库 47排2列4层/ [索取号:TP311.1/A336] | 在馆 | |
| 2 | 534682 | 205346829 | 自科二线404/404自科库 18排6列4层/ [索取号:TP311.1/A336] | 在馆 | |
| 3 | 534683 | 205346838 | 自科库301/301自科库 47排2列4层/ [索取号:TP311.1/A336] | 在馆 |